000 00675nam a2200217 a 4500
999 _c2733
_d2733
001 2733
003 BD-JhCC
005 20171106163605.0
008 171106s1978 bg |||| |||| 000 0 ben d
035 _a(BD-JhCC)2733
040 _aBD-JhCC
_dBD-JhCC
041 _aben
082 _a915.496
_bRAH 1978
100 _aরহমান, আনিসুর
245 _aগিরিরাজের মাথা ডিঙ্গিয়ে /
_cআনিসুর রহমান
260 _aঢাকা :
_bমুক্তধারা,
_c১৯৭৮.
300 _a১৭৮ পৃ. :
_c২১ সেমি.
650 _aTravel
_zNepal
942 _2ddc
_cBK